Correctional psychiatry
| Contributors: | |
|---|---|
| Format: | Print Book |
| Language: | English |
| Published: |
New York [u.a.]
Plenum Pr.
1989
|
| In: |
Critical issues in American psychiatry and the law (6)
Year: 1989 |
| Availability in Tübingen: | Present in Tübingen. UB: KB 18 A 5422 |
| Check availability: | HBZ Gateway |
| Subito Delivery Service: | Order now. |
MARC
| LEADER | 00000cam a2200000 c 4500 | ||
|---|---|---|---|
| 001 | 1647755026 | ||
| 003 | DE-627 | ||
| 005 | 20251225205315.0 | ||
| 007 | tu | ||
| 008 | 890808s1989 xx ||||| 00| ||eng c | ||
| 020 | |a 0306430703 |9 0-306-43070-3 | ||
| 035 | |a (DE-627)1647755026 | ||
| 035 | |a (DE-576)018354688 | ||
| 035 | |a (DE-599)BSZ018354688 | ||
| 035 | |a (OCoLC)22007882 | ||
| 040 | |a DE-627 |b ger |c DE-627 |e rakwb | ||
| 041 | |a eng | ||
| 082 | 0 | |a 347.1 | |
| 082 | 0 | |a 364.6 | |
| 245 | 0 | 0 | |a Correctional psychiatry |c ed. by Richard Rosner ... |
| 264 | 1 | |a New York [u.a.] |b Plenum Pr. |c 1989 | |
| 300 | |a XIX, 300 S. | ||
| 336 | |a Text |b txt |2 rdacontent | ||
| 337 | |a ohne Hilfsmittel zu benutzen |b n |2 rdamedia | ||
| 338 | |a Band |b nc |2 rdacarrier | ||
| 490 | 1 | |a Critical issues in American psychiatry and the law |v 6 | |
| 583 | 1 | |a Archivierung prüfen |c 20200919 |f DE-640 |z 2 |2 pdager | |
| 700 | 1 | |a Rosner, Richard |e Hrsg. |4 edt | |
| 830 | 0 | |a Critical issues in American psychiatry and the law |v 6 |9 6 |w (DE-627)182260208 |w (DE-576)014178907 |w (DE-600)1191447-6 |7 am | |
| 951 | |a BO | ||
| ELC | |b 1 | ||
| LOK | |0 000 xxxxxcx a22 zn 4500 | ||
| LOK | |0 001 3324843731 | ||
| LOK | |0 003 DE-627 | ||
| LOK | |0 004 1647755026 | ||
| LOK | |0 005 20151020133217 | ||
| LOK | |0 008 890808||||||||||||||||ger||||||| | ||
| LOK | |0 040 |a DE-21 |c DE-627 |d DE-21 | ||
| LOK | |0 852 |a DE-21 | ||
| LOK | |0 852 1 |c KB 18 A 5422 |9 00 | ||
| LOK | |0 935 |a krim | ||
| LOK | |0 939 |a 08-08-89 |b l01 | ||
| ORI | |a SA-MARC-krimdoka001.raw | ||
| SIG | |a UB: KB 18 A 5422 | ||
